Squeeze out - Right of Acquisition, Edging out Minority Shareholders out in Slovakia

Gespeichert in:
Bibliographische Detailangaben
1. Verfasser: Harumová, Anna, 1955-
Format: Buchkapitel
Sprache:Englisch
Schlagworte:
Tags: Tag hinzufügen
Keine Tags, Fügen Sie das erste Tag hinzu!

MARC

LEADER 00000naa a2200000 4500
001 0166184
005 20240502083407.0
041 0 |a eng 
044 |a CZ 
245 1 0 |a Squeeze out - Right of Acquisition, Edging out Minority Shareholders out in Slovakia  |c Anna Harumová 
610 2 0 |a právo výkupu 
610 2 0 |a akcionári 
610 2 0 |a akvizícia 
610 2 0 |a hodnota 
610 2 0 |a modely 
100 1 |a Harumová, Anna, 1955-